[Event "European Youth Chess Championship G16"]
[Site "Prague, Top Hotel Prague"]
[Date "2012.08.24"]
[Round "8.9"]
[White "Papathanasiou, Elisavet"]
[Black "Utiatskaja, Irina"]
[Result "0-1"]
[WhiteElo "1896"]
[BlackElo "2012"]
[PlyCount "0"]
[EventDate "2012.08.17"]

1. Nf3 {[%clk 1:30:56]} Nf6 {[%clk 1:30:52]} 2. c4 {[%clk 1:31:19]} g6
{[%clk 1:31:13]} 3. d4 {[%clk 1:27:39]} Bg7 {[%clk 1:31:28]} 4. Bf4
{[%clk 1:24:25]} d6 {[%clk 1:26:57]} 5. e3 {[%clk 1:23:42]} O-O {[%clk 1:26:30]}
6. Nc3 {[%clk 1:23:31]} c5 {[%clk 1:19:03]} 7. h3 {[%clk 1:22:22]} cxd4
{[%clk 1:11:14]} 8. exd4 {[%clk 1:22:37]} d5 {[%clk 1:11:23]} 9. c5
{[%clk 1:19:49]} Nc6 {[%clk 1:11:01]} 10. Be2 {[%clk 1:16:25]} b6
{[%clk 1:10:32]} 11. Ne5 {[%clk 1:07:20]} Bb7 {[%clk 1:08:02]} 12. Nxc6
{[%clk 1:06:28]} Bxc6 {[%clk 1:08:28]} 13. b4 {[%clk 0:53:59]} bxc5
{[%clk 0:59:39]} 14. bxc5 {[%clk 0:54:11]} Ne4 {[%clk 0:55:58]} 15. Nxe4
{[%clk 0:38:51]} dxe4 {[%clk 0:56:23]} 16. Be3 {[%clk 0:38:46]} Qa5+
{[%clk 0:54:04]} 17. Kf1 {[%clk 0:30:11]} Rfd8 {[%clk 0:53:44]} 18. Bc4
{[%clk 0:27:02]} e6 {[%clk 0:45:47]} 19. Rb1 {[%clk 0:21:35]} Qc3
{[%clk 0:41:18]} 20. Rc1 {[%clk 0:20:46]} Qb4 {[%clk 0:40:24]} 21. Kg1
{[%clk 0:16:39]} Qb7 {[%clk 0:39:15]} 22. Rb1 {[%clk 0:14:07]} Qd7
{[%clk 0:38:23]} 23. Qb3 {[%clk 0:14:04]} Bxd4 {[%clk 0:37:16]} 24. Bxd4
{[%clk 0:13:18]} Qxd4 {[%clk 0:37:30]} 25. Bxe6 {[%clk 0:13:21]} Be8
{[%clk 0:33:53]} 26. Bc4 {[%clk 0:10:52]} Qxc5 {[%clk 0:34:12]} 27. Kh2
{[%clk 0:09:51]} Qc7+ {[%clk 0:29:09]} 28. g3 {[%clk 0:09:49]} Rab8
{[%clk 0:29:16]} 29. Qc2 {[%clk 0:08:50]} Qe5 {[%clk 0:22:29]} 30. Rxb8
{[%clk 0:06:07]} Rxb8 {[%clk 0:22:56]} 31. Re1 {[%clk 0:06:21]} Rb2
{[%clk 0:19:41]} 32. Rxe4 {[%clk 0:06:19]} Rxc2 {[%clk 0:19:49]} 33. Rxe5
{[%clk 0:06:44]} Kf8 {[%clk 0:19:56]} 34. Bb3 {[%clk 0:02:09]} Rxf2+
{[%clk 0:20:23]} 35. Kg1 {[%clk 0:02:33]} Rf3 {[%clk 0:09:26]} 36. Kh2
{[%clk 0:02:45]} Bc6 {[%clk 0:08:18]} 37. Ra5 {[%clk 0:01:57]} Rf2+
{[%clk 0:08:22]} 38. Kg1 {[%clk 0:02:22]} Rg2+ {[%clk 0:08:48]} 39. Kf1
{[%clk 0:02:38]} Rxg3 {[%clk 0:08:53]} 40. Rxa7 {[%clk 0:32:43]} Be8
{[%clk 0:38:24]} 41. h4 {[%clk 0:20:38]} h5 {[%clk 0:35:50]} 42. Kf2
{[%clk 0:13:04]} Rg4 {[%clk 0:35:26]} 43. a4 {[%clk 0:12:33]} Rb4
{[%clk 0:35:07]} 44. Bd1 {[%clk 0:12:42]} Rxh4 {[%clk 0:34:59]} 45. a5
{[%clk 0:12:23]} Rh2+ {[%clk 0:24:50]} 46. Kg3 {[%clk 0:10:47]} Rd2
{[%clk 0:25:08]} 47. Bf3 {[%clk 0:11:01]} Rd3 {[%clk 0:25:04]} 48. Kg2
{[%clk 0:10:10]} h4 {[%clk 0:23:52]} 49. Be4 {[%clk 0:09:06]} Re3
{[%clk 0:23:44]} 50. Bd5 {[%clk 0:09:10]} Re5 {[%clk 0:22:56]} 51. Bf3
{[%clk 0:09:22]} Re3 {[%clk 0:16:58]} 52. Bd5 {[%clk 0:08:47]} Rd3
{[%clk 0:12:11]} 53. Be4 {[%clk 0:08:54]} Rd4 {[%clk 0:12:23]} 54. Bf3
{[%clk 0:08:56]} g5 {[%clk 0:11:25]} 55. Ra8 {[%clk 0:06:26]} Ke7
{[%clk 0:11:13]} 56. a6 {[%clk 0:06:46]} g4 {[%clk 0:08:59]} 57. Rxe8+
{[%clk 0:04:54]} Kxe8 {[%clk 0:09:17]} 58. Bc6+ {[%clk 0:05:19]} Ke7
{[%clk 0:09:05]} 59. a7 {[%clk 0:05:43]} Rd2+ {[%clk 0:09:31]} 60. Kg1
{[%clk 0:05:35]} Ra2 {[%clk 0:09:57]} 61. a8=Q {[%clk 0:05:58]} Rxa8
{[%clk 0:10:21]} 62. Bxa8 {[%clk 0:06:22]} f5 {[%clk 0:10:43]} 63. Bb7
{[%clk 0:05:10]} Kf6 {[%clk 0:11:05]} 64. Kf2 {[%clk 0:02:49]} Kg5
{[%clk 0:10:16]} 65. Kg2 {[%clk 0:01:54]} Kf4 {[%clk 0:09:18]} 66. Kh2
{[%clk 0:01:07]} Ke3 {[%clk 0:09:25]} 67. Kg2 {[%clk 0:00:39]} f4
{[%clk 0:08:11]} 68. Bc8 {[%clk 0:00:41]} h3+ {[%clk 0:06:23]} 69. Kh2
{[%clk 0:00:00]} Kf3 0-1

[Event "European Youth Chess Championship G16"]
[Site "Prague, Top Hotel Prague"]
[Date "2012.08.24"]
[Round "8.10"]
[White "Bellaiche, Elise"]
[Black "Soyunlu, Narmin"]
[Result "0-1"]
[WhiteElo "1992"]
[BlackElo "1895"]
[PlyCount "0"]
[EventDate "2012.08.17"]

1. e4 {[%clk 1:30:59]} c5 {[%clk 1:30:52]} 2. c3 {[%clk 1:30:52]} g6
{[%clk 1:30:57]} 3. d4 {[%clk 1:31:03]} cxd4 {[%clk 1:31:21]} 4. cxd4
{[%clk 1:31:28]} d5 {[%clk 1:31:47]} 5. exd5 {[%clk 1:29:58]} Nf6
{[%clk 1:31:43]} 6. Bb5+ {[%clk 1:17:43]} Nbd7 {[%clk 1:31:32]} 7. Nc3
{[%clk 1:16:17]} Bg7 {[%clk 1:29:59]} 8. d6 {[%clk 1:06:19]} exd6
{[%clk 1:14:58]} 9. Qe2+ {[%clk 0:58:47]} Qe7 {[%clk 1:13:36]} 10. Bf4
{[%clk 0:58:41]} Qxe2+ {[%clk 1:06:31]} 11. Ngxe2 {[%clk 0:57:23]} Ke7
{[%clk 1:06:31]} 12. O-O {[%clk 0:56:11]} Rd8 {[%clk 1:04:58]} 13. Rfe1
{[%clk 0:55:45]} Nb6 {[%clk 1:03:29]} 14. Rad1 {[%clk 0:49:09]} a6
{[%clk 0:59:33]} 15. Ng3+ {[%clk 0:44:28]} Kf8 {[%clk 0:59:14]} 16. Be2
{[%clk 0:43:49]} Nfd5 {[%clk 0:33:15]} 17. Nxd5 {[%clk 0:35:31]} Nxd5
{[%clk 0:33:37]} 18. Bg5 {[%clk 0:35:48]} f6 {[%clk 0:24:28]} 19. Bd2
{[%clk 0:34:00]} Be6 {[%clk 0:23:36]} 20. Bc4 {[%clk 0:31:45]} Bf7
{[%clk 0:23:14]} 21. Ne4 {[%clk 0:28:39]} h6 {[%clk 0:10:19]} 22. Bxd5
{[%clk 0:25:32]} Bxd5 {[%clk 0:10:43]} 23. Bb4 {[%clk 0:24:40]} f5
{[%clk 0:04:38]} 24. Nc3 {[%clk 0:15:33]} Bf7 {[%clk 0:04:58]} 25. a4
{[%clk 0:15:20]} Rac8 {[%clk 0:04:25]} 26. Re3 {[%clk 0:11:48]} Rd7
{[%clk 0:02:56]} 27. Ne2 {[%clk 0:10:39]} Rc4 {[%clk 0:02:19]} 28. Bc3
{[%clk 0:10:19]} Rxa4 {[%clk 0:02:17]} 29. Nf4 {[%clk 0:10:26]} Re7
{[%clk 0:00:47]} 30. Rxe7 {[%clk 0:07:43]} Kxe7 {[%clk 0:01:12]} 31. h3
{[%clk 0:06:21]} Kd7 {[%clk 0:01:04]} 32. Ne2 {[%clk 0:05:17]} Bb3
{[%clk 0:01:10]} 33. Re1 {[%clk 0:05:11]} Rc4 {[%clk 0:00:38]} 34. Nf4
{[%clk 0:03:01]} Bxd4 {[%clk 0:00:34]} 35. Bxd4 {[%clk 0:01:55]} Rxd4
{[%clk 0:01:00]} 36. Nxg6 {[%clk 0:02:19]} Re4 {[%clk 0:00:47]} 37. Rc1
{[%clk 0:01:21]} Bf7 {[%clk 0:00:33]} 38. Nf8+ {[%clk 0:00:49]} Kd8
{[%clk 0:00:38]} 39. Nh7 {[%clk 0:00:37]} Bb3 {[%clk 0:00:35]} 40. Nf6
{[%clk 0:30:38]} Re2 {[%clk 0:30:48]} 41. Rb1 {[%clk 0:29:17]} Ba2
{[%clk 0:25:34]} 42. Rd1 {[%clk 0:29:43]} Rxb2 {[%clk 0:25:11]} 43. Rd4
{[%clk 0:28:25]} Rb1+ {[%clk 0:21:38]} 44. Kh2 {[%clk 0:28:49]} Ke7
{[%clk 0:21:47]} 45. Nd5+ {[%clk 0:28:25]} Bxd5 {[%clk 0:22:05]} 46. Rxd5
{[%clk 0:28:51]} Ke6 {[%clk 0:22:30]} 47. Rd4 {[%clk 0:29:16]} b5
{[%clk 0:21:00]} 48. Rh4 {[%clk 0:29:42]} b4 {[%clk 0:21:15]} 49. Rxh6+
{[%clk 0:30:09]} Ke5 {[%clk 0:21:02]} 50. f4+ {[%clk 0:28:59]} Kd5
{[%clk 0:15:51]} 51. Rf6 {[%clk 0:27:39]} b3 {[%clk 0:16:11]} 52. Rxf5+
{[%clk 0:27:56]} Ke4 {[%clk 0:16:14]} 53. Rf8 {[%clk 0:28:02]} b2
{[%clk 0:16:31]} 54. Rb8 {[%clk 0:28:27]} a5 {[%clk 0:15:58]} 55. Kg3
{[%clk 0:27:40]} a4 {[%clk 0:16:00]} 56. Rb4+ {[%clk 0:26:41]} Kf5
{[%clk 0:16:11]} 57. Kh4 {[%clk 0:26:37]} a3 {[%clk 0:15:55]} 58. g4+
{[%clk 0:27:00]} Kf6 {[%clk 0:16:07]} 59. g5+ {[%clk 0:23:57]} Kf5
{[%clk 0:15:54]} 60. Rb5+ {[%clk 0:24:05]} Kxf4 {[%clk 0:16:18]} 61. g6
{[%clk 0:24:08]} Rg1 {[%clk 0:16:25]} 0-1

[Event "European Youth Chess Championship G16"]
[Site "Prague, Top Hotel Prague"]
[Date "2012.08.24"]
[Round "8.12"]
[White "Zavgorodniaya, Alena"]
[Black "Styazhkina, Anna"]
[Result "1-0"]
[WhiteElo "1910"]
[BlackElo "2150"]
[PlyCount "79"]
[EventDate "2012.08.17"]

1. e4 e5 2. Nf3 Nc6 3. Bb5 a6 4. Ba4 d6 5. d4 Bd7 6. Nc3 b5 7. Bb3 Nxd4 8. Nxd4
exd4 9. Qh5 Qe7 10. Bg5 Nf6 11. Bxf6 gxf6 12. Nd5 Qxe4+ 13. Kf1 O-O-O 14. Nxf6
Qf5 15. Qxf7 Bh6 16. Nxd7 Qxf7 17. Bxf7 Kxd7 18. Re1 c5 19. g3 Bd2 20. Re2 Bc1
21. b3 Rhf8 22. Bh5 c4 23. Kg2 Bg5 24. f4 Bf6 25. Rd1 Kc6 26. g4 Kc5 27. g5 Rg8
28. h4 h6 29. Bf7 Rg7 30. g6 Bxh4 31. Kh3 Bf6 32. Re6 Kb4 33. Rxf6 Kc3 34. bxc4
bxc4 35. Re6 d3 36. cxd3 Kc2 37. Ree1 cxd3 38. f5 d5 39. Kg4 d4 40. Kh5 1-0

[Event "European Youth Chess Championship G16"]
[Site "Prague, Top Hotel Prague"]
[Date "2012.08.24"]
[Round "8.13"]
[White "Shamatava, Ana"]
[Black "Tarnowska, Aleksandra"]
[Result "1-0"]
[WhiteElo "2086"]
[BlackElo "1839"]
[PlyCount "97"]
[EventDate "2012.08.17"]

1. e4 c5 2. Nf3 e6 3. d4 cxd4 4. Nxd4 a6 5. Bd3 Bc5 6. Nb3 Be7 7. Be3 d6 8.
N1d2 Nd7 9. Qe2 Ngf6 10. f4 Qc7 11. O-O-O b5 12. g4 Nc5 13. Nxc5 dxc5 14. g5
Nd7 15. c4 b4 16. e5 Bb7 17. Be4 O-O-O 18. Bxb7+ Qxb7 19. Nb3 Kb8 20. Rhf1 g6
21. Rd2 Qc7 22. Rfd1 Kc8 23. Qf2 Qc6 24. Qg2 Qxg2 25. Rxg2 Kc7 26. Rgd2 Kc6 27.
Kc2 Kc7 28. h4 Kc6 29. h5 gxh5 30. Rh2 Nb6 31. Rxd8 Rxd8 32. Nd2 Nd7 33. Rxh5
Nf8 34. Ne4 a5 35. Rh6 Rd7 36. f5 a4 37. f6 Bd8 38. Bxc5 b3+ 39. axb3 axb3+ 40.
Kxb3 Ng6 41. Bd6 Bc7 42. Rxh7 Bb6 43. Kc3 Be3 44. b4 Bf4 45. b5+ Kb6 46. Kb4
Bxe5 47. c5+ Ka7 48. Bxe5 Nxe5 49. Nd6 1-0

[Event "European Youth Chess Championship G16"]
[Site "Prague, Top Hotel Prague"]
[Date "2012.08.24"]
[Round "8.14"]
[White "Richterova, Natasa"]
[Black "Blagojevic, Tijana"]
[Result "1-0"]
[WhiteElo "1864"]
[BlackElo "2004"]
[PlyCount "105"]
[EventDate "2012.08.17"]

1. e4 e5 2. Nf3 Nc6 3. Bc4 Bc5 4. c3 Nf6 5. d3 O-O 6. O-O d5 7. exd5 Nxd5 8.
Re1 Bg4 9. Nbd2 Nb6 10. b4 Bd6 11. Bb3 a5 12. b5 a4 13. Bc2 Ne7 14. h3 Bh5 15.
Ne4 f5 16. Ng3 Bxf3 17. Qxf3 Qd7 18. Rb1 Ng6 19. Qxb7 Qf7 20. Qf3 Nh4 21. Qh5
Qxh5 22. Nxh5 f4 23. d4 exd4 24. c4 f3 25. g3 Ng2 26. Re4 g6 27. Nf4 Nxf4 28.
Bxf4 Bxf4 29. gxf4 Nxc4 30. Rb4 Nb6 31. Rexd4 a3 32. Be4 Rad8 33. Bxf3 Rxd4 34.
Rxd4 g5 35. Rd3 Rf5 36. Bc6 Rxf4 37. Rxa3 Ra4 38. Rxa4 Nxa4 39. Kg2 Kf7 40. Kf3
h5 41. a3 Ke6 42. Be8 h4 43. Kg4 Kf6 44. f4 gxf4 45. Kxf4 Nb6 46. Kg4 Ke5 47.
Kxh4 Kf4 48. Kh5 Kf5 49. Bg6+ Kf6 50. Bd3 Nc8 51. Kg4 Ne7 52. a4 Nd5 53. a5 1-0

[Event "European Youth Chess Championship G16"]
[Site "Prague, Top Hotel Prague"]
[Date "2012.08.24"]
[Round "8.15"]
[White "Harutyunyan, Ani"]
[Black "Hoare, Amy B"]
[Result "1-0"]
[WhiteElo "1835"]
[BlackElo "1958"]
[PlyCount "83"]
[EventDate "2012.08.17"]

1. d4 Nf6 2. c4 g6 3. Nc3 d5 4. Bf4 Bg7 5. e3 O-O 6. Rc1 c6 7. Nf3 dxc4 8. Bxc4
Nbd7 9. O-O Nb6 10. Be2 Nbd5 11. Nxd5 Nxd5 12. Bg3 Qb6 13. Qd2 Bf5 14. a3 Rfd8
15. Ne5 a6 16. b4 Rac8 17. Bc4 f6 18. Nd3 Bxd3 19. Qxd3 Kh8 20. Qe4 f5 21. Qe6
f4 22. Bh4 Nc7 23. Qxe7 Nd5 24. Bxd5 cxd5 25. Qf7 Rxc1 26. Rxc1 Rg8 27. Qxd5
fxe3 28. fxe3 Bf6 29. Bxf6+ Qxf6 30. Qe5 Qxe5 31. dxe5 Re8 32. Rc5 Kg8 33. Kf2
Re6 34. Kf3 b6 35. Rd5 g5 36. Ke4 Kf7 37. Rd7+ Kg6 38. Rd6 Rxd6 39. exd6 Kf6
40. Kd5 Kf7 41. d7 Ke7 42. Kc6 1-0

[Event "European Youth Chess Championship G16"]
[Site "Prague, Top Hotel Prague"]
[Date "2012.08.24"]
[Round "8.16"]
[White "Ivanova, Simoneta"]
[Black "Chetina, Elizaveta"]
[Result "1-0"]
[WhiteElo "1952"]
[BlackElo "1793"]
[PlyCount "63"]
[EventDate "2012.08.17"]

1. e4 e5 2. Nf3 Nc6 3. Nc3 Nf6 4. Bb5 Nd4 5. Bc4 d6 6. Nxd4 exd4 7. Nd5 c6 8.
Nxf6+ Qxf6 9. O-O Be7 10. d3 O-O 11. f4 Be6 12. Bb3 Rfd8 13. Qf3 a5 14. f5 a4
15. fxe6 axb3 16. exf7+ Kh8 17. cxb3 Rf8 18. Qg4 Qe5 19. Bf4 Qb5 20. Qe6 Qh5
21. Qxe7 Rxf7 22. Qxd6 Raf8 23. Qxd4 c5 24. Qe3 b6 25. e5 Qf5 26. e6 Rf6 27. e7
Re8 28. Bg5 Qd7 29. Bxf6 gxf6 30. Rxf6 Rxe7 31. Qf2 Kg7 32. Rf1 1-0

[Event "European Youth Chess Championship G16"]
[Site "Prague, Top Hotel Prague"]
[Date "2012.08.24"]
[Round "8.17"]
[White "Pastuszko, Kinga"]
[Black "Amiridou, Dimitra"]
[Result "0-1"]
[WhiteElo "1946"]
[BlackElo "1752"]
[PlyCount "78"]
[EventDate "2012.08.17"]

1. d4 Nf6 2. Nc3 d5 3. Bg5 e6 4. e4 Be7 5. e5 Nfd7 6. Bxe7 Qxe7 7. f4 a6 8. Nf3
c5 9. dxc5 Nxc5 10. Qd2 Nc6 11. Bd3 b5 12. O-O-O b4 13. Ne2 b3 14. axb3 Nb4 15.
Ne1 Rb8 16. Nd4 Qc7 17. c3 Nbxd3+ 18. Nxd3 Nxb3+ 19. Nxb3 Rxb3 20. Qc2 Rb5 21.
Rhf1 Bd7 22. g4 Ra5 23. Kd2 Qc4 24. b3 Qe4 25. Ne1 Qg6 26. h3 Qh6 27. Rf3 g5
28. Nd3 gxf4 29. Rdf1 Bb5 30. c4 dxc4 31. bxc4 Bc6 32. Rxf4 O-O 33. Qb2 Be4 34.
Kc3 Qxh3 35. Rxe4 Qxf1 36. Qd2 Ra3+ 37. Kb4 Rxd3 38. Qg5+ Kh8 39. Rf4 Qb1+ 0-1

[Event "European Youth Chess Championship G16"]
[Site "Prague, Top Hotel Prague"]
[Date "2012.08.24"]
[Round "8.18"]
[White "Gogishvili, Dea"]
[Black "Bezkorovaina, Marija"]
[Result "1-0"]
[WhiteElo "1875"]
[BlackElo "2056"]
[PlyCount "85"]
[EventDate "2012.08.17"]

1. e4 e5 2. Nc3 Nf6 3. g3 Bc5 4. Bg2 O-O 5. Nf3 Nc6 6. O-O d6 7. d3 a6 8. h3 b5
9. a3 Bb7 10. Nh4 Nd4 11. Ne2 d5 12. Nxd4 Bxd4 13. Qe2 dxe4 14. dxe4 Qd7 15.
Nf5 Qe6 16. c3 Bb6 17. Bg5 h6 18. Bh4 Kh7 19. g4 Qc4 20. Qxc4 bxc4 21. Bxf6
gxf6 22. Rfd1 Rfd8 23. Ne7 a5 24. Nd5 Kg7 25. Bf1 Ba6 26. Kg2 Rd6 27. Ne7 Re6
28. Nf5+ Kg6 29. Rd7 Bb5 30. Rd2 a4 31. Kf3 Rh8 32. Be2 h5 33. Rg1 h4 34. Rgd1
Ree8 35. Rd5 Bc6 36. R5d2 Bb5 37. Rg1 Kg5 38. Ng7 Rd8 39. Rgd1 c6 40. Rd7 Rxd7
41. Rxd7 Rd8 42. Rxf7 Rd2 43. Nf5 1-0

[Event "European Youth Chess Championship G16"]
[Site "Prague, Top Hotel Prague"]
[Date "2012.08.24"]
[Round "8.20"]
[White "Uzlavataya, Anhelina"]
[Black "Cosman, Andreea-Marioara"]
[Result "1-0"]
[WhiteElo "1862"]
[BlackElo "1921"]
[PlyCount "97"]
[EventDate "2012.08.17"]

1. f4 c5 2. Nf3 Nc6 3. g3 g6 4. Bg2 Bg7 5. O-O d6 6. d3 e6 7. e4 Nge7 8. Nc3
O-O 9. g4 Rb8 10. Qe1 f5 11. gxf5 exf5 12. h4 b5 13. h5 Nd4 14. Nxd4 Bxd4+ 15.
Be3 Bxe3+ 16. Qxe3 b4 17. Ne2 Bb7 18. Rf3 d5 19. Rh3 dxe4 20. dxe4 Bxe4 21.
Bxe4 fxe4 22. hxg6 Nxg6 23. Kh2 Qd5 24. Rg1 Rbd8 25. Rg5 Rf5 26. Rg2 Rh5 27.
Ng3 Rxh3+ 28. Kxh3 Qd3 29. Qxe4 Qxe4 30. Nxe4 Rf8 31. Nxc5 Rxf4 32. Rd2 a5 33.
Nb7 a4 34. Nc5 a3 35. b3 Rf3+ 36. Kh2 Rf4 37. Rd8+ Kf7 38. Nd3 Re4 39. Rd7+ Re7
40. Rxe7+ Kxe7 41. Nxb4 Kd6 42. Kg3 Kc5 43. c3 Kd6 44. Nc2 Ne5 45. Nxa3 Nd3 46.
Nb5+ Kc5 47. Nd4 Nc1 48. a4 Na2 49. Ne2 1-0

[Event "European Youth Chess Championship G16"]
[Site "Prague, Top Hotel Prague"]
[Date "2012.08.24"]
[Round "8.21"]
[White "Schmalhorst, Sophia"]
[Black "Rykala, Monika"]
[Result "1/2-1/2"]
[WhiteElo "1905"]
[BlackElo "1844"]
[PlyCount "104"]
[EventDate "2012.08.17"]

1. e4 c5 2. Nf3 d6 3. d4 cxd4 4. Nxd4 Nf6 5. Nc3 a6 6. Be3 e5 7. Nf3 h6 8. Bc4
Qc7 9. Bb3 Be6 10. O-O Nc6 11. Nh4 O-O-O 12. Nd5 Bxd5 13. Bxd5 Nb4 14. c4 Kb8
15. Qe2 Rc8 16. Rfc1 Qd7 17. a3 Nbxd5 18. exd5 Be7 19. Nf3 Ng4 20. Bb6 Bd8 21.
Bxd8 Rhxd8 22. h3 Nf6 23. a4 Rc7 24. a5 Rdc8 25. Rc3 Rc5 26. Nd2 Qf5 27. b4
R5c7 28. Rca3 Qc2 29. Qe1 Qb2 30. Rb3 Qc2 31. Rbb1 Qc3 32. b5 axb5 33. Rxb5 Ka7
34. Qe3+ Qxe3 35. fxe3 Ne8 36. Rab1 f5 37. Kf2 Rf7 38. Ke2 Rc5 39. Rxc5 dxc5
40. Rb5 Rc7 41. e4 f4 42. Kd3 Nf6 43. Rb6 Re7 44. Nf3 Nd7 45. Re6 Rf7 46. d6
Rf6 47. Rxf6 gxf6 48. Nh4 b6 49. axb6+ Kxb6 50. Nf5 Kc6 51. Nxh6 Kxd6 52. Nf5+
Ke6 1/2-1/2

[Event "European Youth Chess Championship G16"]
[Site "Prague, Top Hotel Prague"]
[Date "2012.08.24"]
[Round "8.22"]
[White "Foster, Chantelle L"]
[Black "Shakhmurzova, Fatima"]
[Result "0-1"]
[WhiteElo "1824"]
[BlackElo "1905"]
[PlyCount "44"]
[EventDate "2012.08.17"]

1. e4 c5 2. Nf3 Nc6 3. d4 cxd4 4. Nxd4 g6 5. Nc3 Bg7 6. Be3 Nf6 7. Bc4 O-O 8.
O-O Nxe4 9. Bxf7+ Rxf7 10. Nxe4 Qa5 11. c3 Qd5 12. Ng5 Rf8 13. Ngf3 Kh8 14. Qc2
Qh5 15. Rad1 d6 16. Qe4 Bg4 17. Nxc6 bxc6 18. Qxc6 Rac8 19. Qd5 Rf5 20. Qd3
Bxf3 21. gxf3 Be5 22. f4 Rg5+ 0-1

[Event "European Youth Chess Championship G16"]
[Site "Prague, Top Hotel Prague"]
[Date "2012.08.24"]
[Round "8.23"]
[White "Sanders, Catheleijne"]
[Black "Leonardi, Caterina"]
[Result "1-0"]
[WhiteElo "1800"]
[BlackElo "1884"]
[PlyCount "81"]
[EventDate "2012.08.17"]

1. e4 d6 2. d4 g6 3. Nc3 a6 4. g3 b5 5. Bg2 Bb7 6. Be3 Nd7 7. Nge2 Bg7 8. O-O
e5 9. h3 Ne7 10. g4 Nb6 11. b3 b4 12. Nb1 O-O 13. c4 a5 14. Ng3 a4 15. d5 axb3
16. Qxb3 c5 17. dxc6 Nxc6 18. Rd1 Ba6 19. c5 Bc4 20. Qc2 b3 21. Qc1 Nc8 22. Nd2
Be6 23. Nxb3 Bxb3 24. axb3 Rxa1 25. Qxa1 Nd4 26. Bxd4 exd4 27. cxd6 Qxd6 28.
Rd3 Ne7 29. Qa5 Nc6 30. Qd5 Qc7 31. Qc5 Qb7 32. e5 Qa6 33. Bf1 Qa8 34. f4 Rc8
35. Qd5 Qb8 36. Qf3 Bf8 37. Ne4 Qb6 38. Nf6+ Kh8 39. Nd7 Qa7 40. Nxf8 Rxf8 41.
Qxc6 1-0

[Event "European Youth Chess Championship G16"]
[Site "Prague, Top Hotel Prague"]
[Date "2012.08.24"]
[Round "8.24"]
[White "Beshukova, Ekaterina"]
[Black "Zamanova, Bikakhanim"]
[Result "1/2-1/2"]
[WhiteElo "1879"]
[BlackElo "1788"]
[PlyCount "64"]
[EventDate "2012.08.17"]

1. d4 d6 2. Nf3 Nf6 3. g3 e6 4. Bg2 Be7 5. O-O O-O 6. c4 d5 7. b3 c5 8. cxd5
Nxd5 9. Bb2 Nc6 10. e3 Bd7 11. Nc3 Nxc3 12. Bxc3 Bf6 13. Qd2 cxd4 14. Nxd4 Nxd4
15. Bxd4 Bxd4 16. Qxd4 Bb5 17. Rfd1 Qe7 18. Qe5 Ba6 19. Rac1 Rac8 20. h3 Rfd8
21. Rxd8+ Qxd8 22. Rxc8 Qxc8 23. Qd4 b6 24. Qd2 g6 25. Kh2 Bb7 26. Bxb7 Qxb7
27. Qd8+ Kg7 28. Qd4+ Kg8 29. Qd8+ Kg7 30. Qd4+ Kg8 31. Qd8+ Kg7 32. Qd4+ Kg8
1/2-1/2

[Event "European Youth Chess Championship G16"]
[Site "Prague, Top Hotel Prague"]
[Date "2012.08.24"]
[Round "8.25"]
[White "Johnova, Eliska"]
[Black "Turk, Tajana"]
[Result "1-0"]
[WhiteElo "1798"]
[BlackElo "1907"]
[PlyCount "81"]
[EventDate "2012.08.17"]

1. e4 a6 2. d4 b5 3. c4 Bb7 4. f3 bxc4 5. Bxc4 d5 6. exd5 Nf6 7. Qa4+ Qd7 8.
Nc3 Qxa4 9. Nxa4 Bxd5 10. Bxd5 Nxd5 11. Ne2 e6 12. Bd2 Nc6 13. a3 Be7 14. Rc1
Na7 15. Nc5 Nb5 16. a4 Nd6 17. g4 h5 18. g5 h4 19. Rg1 Nf5 20. Kf2 Bd6 21. f4
Ke7 22. Kf3 Rhb8 23. Rb1 Bxc5 24. dxc5 Rb3+ 25. Kf2 Rab8 26. Bc1 Nb4 27. Rd1
Nd3+ 28. Kg2 Nxc5 29. Nd4 Nxd4 30. Rxd4 Nd3 31. Rc4 R8b7 32. Rc6 R3b6 33. Rc3
Rb3 34. Rc6 a5 35. Ra6 R3b4 36. Rxa5 Nxf4+ 37. Bxf4 Rxf4 38. b3 Rfb4 39. Rc5
Kd6 40. Rc3 Rxa4 41. Rd1+ 1-0

[Event "European Youth Chess Championship G16"]
[Site "Prague, Top Hotel Prague"]
[Date "2012.08.24"]
[Round "8.26"]
[White "Skakun, Valentina"]
[Black "Shepherd, Katherine M"]
[Result "1/2-1/2"]
[WhiteElo "1884"]
[BlackElo "1766"]
[PlyCount "61"]
[EventDate "2012.08.17"]

1. d4 d5 2. c4 c6 3. cxd5 cxd5 4. Nf3 Nf6 5. Nc3 Nc6 6. Bf4 a6 7. Rc1 Bf5 8. e3
e6 9. Be2 Bd6 10. Bxd6 Qxd6 11. O-O O-O 12. Na4 Nd7 13. Nc5 Nxc5 14. dxc5 Qd7
15. Nd4 Bg6 16. Nxc6 bxc6 17. Rc3 Rfb8 18. Rb3 a5 19. Bd3 Bxd3 20. Qxd3 Qa7 21.
Rc1 Rxb3 22. Qxb3 Rb8 23. Qc3 Rb5 24. g3 Qb7 25. Rc2 f6 26. a3 Kf7 27. h4 Kg8
28. Kh2 Kf7 29. Kg1 Kg8 30. Kh2 Kf7 31. Kg1 1/2-1/2

[Event "European Youth Chess Championship G16"]
[Site "Prague, Top Hotel Prague"]
[Date "2012.08.24"]
[Round "8.27"]
[White "Federovski, Adi"]
[Black "Sen, Beril Berfin"]
[Result "1-0"]
[WhiteElo "1851"]
[BlackElo "1586"]
[PlyCount "111"]
[EventDate "2012.08.17"]

1. e4 e5 2. Nf3 Nc6 3. Bb5 a6 4. Ba4 Nf6 5. d3 b5 6. Bb3 Be7 7. O-O O-O 8. Nbd2
d6 9. c3 Bg4 10. Re1 Na5 11. Bc2 c5 12. Qe2 Qc7 13. h3 Bh5 14. Nf1 Nc6 15. Ng3
Bg6 16. Nh4 Rfe8 17. Nhf5 Rac8 18. Qf3 Nd8 19. h4 h6 20. a4 b4 21. Bb3 Ne6 22.
a5 Rb8 23. Bc4 Ra8 24. cxb4 cxb4 25. Bd2 Reb8 26. Rec1 Qb7 27. Bxb4 Nd4 28.
Nxd4 exd4 29. Ba3 Qd7 30. Rcb1 h5 31. Ne2 Ng4 32. Nxd4 Bxh4 33. g3 Bf6 34. Nc2
Ne5 35. Qe2 Qh3 36. Bd5 Ng4 37. f3 Qxg3+ 38. Qg2 Qxg2+ 39. Kxg2 Ne5 40. Bxa8
Rxa8 41. Rd1 Rb8 42. Rab1 Rb3 43. Nd4 Rxd3 44. Rxd3 44... Nxd3 $11 45. Rd1 Bxd4
46. Rxd3 Be5 47. b4 f5 48. b5 axb5 49. a6 Be8 50. exf5 Bc6 51. Bxd6 Bf6 52. Bc5
Kf7 53. a7 Ke8 54. Rd6 Ba8 55. Rb6 Be5 56. Rb8+ 1-0

[Event "European Youth Chess Championship G16"]
[Site "Prague, Top Hotel Prague"]
[Date "2012.08.24"]
[Round "8.28"]
[White "Bartsits, Sabina"]
[Black "Zemkova, Klara"]
[Result "0-1"]
[WhiteElo "1841"]
[BlackElo "1646"]
[PlyCount "66"]
[EventDate "2012.08.17"]

1. d4 Nf6 2. Nf3 e6 3. g3 d5 4. Bg2 c5 5. c3 Nc6 6. dxc5 Bxc5 7. b4 Bb6 8. O-O
Bd7 9. a4 O-O 10. Bb2 Rc8 11. Nbd2 Re8 12. Nb3 Ne4 13. a5 Bc7 14. Nfd2 Nxd2 15.
Nxd2 Qf6 16. Qb3 Bd6 17. e4 d4 18. b5 dxc3 19. Bxc3 Nd4 20. Bxd4 Qxd4 21. Rfd1
Rc3 22. Qb2 Rec8 23. Nf3 Qc5 24. e5 Rxf3 25. Bxf3 Bxe5 26. Qd2 Bxa1 27. Qxd7
Bc3 28. Bxb7 Rf8 29. a6 Qb4 30. Bc6 Qc5 31. Qd6 Qb6 32. Qd3 Bf6 33. Qd7 Rd8 0-1

[Event "European Youth Chess Championship G16"]
[Site "Prague, Top Hotel Prague"]
[Date "2012.08.24"]
[Round "8.29"]
[White "Sroubova, Lenka"]
[Black "Jacimovic, Sara"]
[Result "0-1"]
[WhiteElo "1772"]
[BlackElo "1933"]
[PlyCount "104"]
[EventDate "2012.08.17"]

1. g3 d5 2. Bg2 e5 3. d3 c6 4. Nf3 Bd6 5. Nbd2 Ne7 6. O-O O-O 7. c4 f5 8. cxd5
Nxd5 9. Nc4 Qc7 10. e4 Nf6 11. Re1 Nfd7 12. Ng5 Nc5 13. d4 exd4 14. e5 Be7 15.
Qxd4 Ne6 16. Nxe6 Bxe6 17. Bf4 g5 18. Bd2 Rd8 19. Qc3 h6 20. Rad1 Na6 21. a3
Rd7 22. b4 Rad8 23. Nb2 Qb8 24. Be3 Nc7 25. Bc5 Nb5 26. Qe3 Bxc5 27. bxc5 Nd4
28. Rc1 Nb3 29. Rcd1 Rd2 30. Rxd2 Rxd2 31. Nd3 Qd8 32. Nc1 Na1 33. Qc3 Nc2 34.
Rf1 Nd4 35. Re1 Nb5 36. Qe3 Qd4 37. Qxd4 Rxd4 38. h3 Nxa3 39. Ne2 Rd2 40. f4
Nc2 41. Kf2 Nxe1 42. Kxe1 Rc2 43. Bxc6 bxc6 44. Nd4 Rxc5 45. Nxe6 Rc3 46. Kf2
gxf4 47. Nxf4 Kf7 48. g4 fxg4 49. hxg4 a5 50. Ne2 Rc2 51. Ke3 Rxe2+ 52. Kxe2
Ke6 0-1